000 00487nam a2200133Ia 4500
005 20260209120138.0
008 260209s9999||||xx |||||||||||||| ||und||
100 _aPrachi Kumari
245 0 _aRight to information in the context of intellectual property rights : a study
260 _aBangaloreBangalore
_bNLSIU
_c2017
300 _a122 p. ; 25 cm.
700 _aProf. (Dr.) V Vijayakumar - GuideProf. (Dr.) V Vijayakumar - Guide
856 _uhttps://dans.nls.ac.in/handle/123456789/1577
999 _c217317
_d217317